Quản trị tài chính doanh nghiệp /
Nội dung cuốn sách gồm:
Gespeichert in:
| 1. Verfasser: | |
|---|---|
| Format: | Buch |
| Sprache: | Vietnamese |
| Veröffentlicht: |
TP.HCM :
Thống kê ,
2001
|
| Ausgabe: | In lần thứ 1 |
| Schlagworte: | |
| Tags: |
Tag hinzufügen
Keine Tags, Fügen Sie den ersten Tag hinzu!
|
| Thư viện lưu trữ: | Thư viện Trường CĐ Kỹ Thuật Cao Thắng |
|---|
| LEADER | 03165nam a2200553 a 4500 | ||
|---|---|---|---|
| 001 | TVCDKTCT12155 | ||
| 003 | Thư viện trường Cao đẳng Kỹ thuật Cao Thắng | ||
| 005 | 20100319000000 | ||
| 008 | 100319 | ||
| 980 | \ | \ | |a Thư viện Trường CĐ Kỹ Thuật Cao Thắng |
| 024 | |a RG_1 #1 eb0 i1 | ||
| 041 | 0 | # | |a vie |
| 082 | # | # | |a 657.15 / |b Q501N-ng |
| 100 | 1 | # | |a Nguyễn Hải Sản |
| 245 | 0 | 0 | |a Quản trị tài chính doanh nghiệp / |c Nguyễn Hải Sản |
| 250 | # | # | |a In lần thứ 1 |
| 260 | # | # | |a TP.HCM : |b Thống kê , |c 2001 |
| 300 | # | # | |a 574tr. ; |c 21cm |
| 520 | # | # | |a Nội dung cuốn sách gồm: |
| 520 | # | # | |a Phần I: Những vấn đề chung: |
| 520 | # | # | |a Chương 1: Những vấn đề cơ bản của quản trị tài chính |
| 520 | # | # | |a Chương 2: Thời giá của tiền tệ |
| 520 | # | # | |a Chương 3: Giá trị của trái phiếu trên thị trường tài chính |
| 520 | # | # | |a Chương 4: Giá trị của cổ phiếu trên thị trường tài chính |
| 520 | # | # | |a Phần 2: Ngân sách hoá của doanh nghiệp |
| 520 | # | # | |a Chương 5: Chi phí huy động |
| 520 | # | # | |a Chương 6: Những cơ sở của hoạch định ngân sách |
| 520 | # | # | |a Chương 7: Các nguồn thu nhập của dự án |
| 520 | # | # | |a Chương 8: Hoạch định ngân sách trong những điều kiện thực tế |
| 520 | # | # | |a Chương 9: Hoạch định ngân sách trong điều kiện rủi ro |
| 520 | # | # | |a Phần 3: Cơ cấu tài chính và chính sách phân chia lợi tức |
| 520 | # | # | |a Chương 10: Ảnh hưởng của đòn cân nợ đối với lợi nhuận và rủi ro |
| 520 | # | # | |a Chương 11: Ảnh hưởng của đòn cân nợ đối với giá trị của doanh nghiệp |
| 520 | # | # | |a Chương 12: Chính sách phân chia lợi tức và giá trị của doanh nghiệp |
| 520 | # | # | |a Phần 4: Dự báo và phân tích báo cáo thành chính |
| 520 | # | # | |a Chương 13: Phân tích các báo cáo tài chính |
| 520 | # | # | |a Chương 14: Dự báo và hoạch định tài chính |
| 520 | # | # | |a Phần 5: Quản trị vốn lưu động |
| 520 | # | # | |a Chương 15: Quản trị tiền mặt và các loại chứng khoán thanh khoản cao |
| 520 | # | # | |a Chương 16: Quản trị khoản phải thu và hàng hoá tồn kho |
| 520 | # | # | |a Chương 17: Tài trợ ngắn hạn |
| 520 | # | # | |a Chương 18: Tín dụng thuê mua |
| 520 | # | # | |a Chương 19: Cổ phần thường |
| 520 | # | # | |a Chương 20: Nợ dài hạn và cổ phần ưu đãi |
| 520 | # | # | |a Chương 21: Trái phiếu chuyển đổi và warrants |
| 520 | # | # | |a Chương 22: Sát nhập và mua lại doanh nghiệp |
| 520 | # | # | |a Chương 23: Phá sản, tái thành lập và thanh lý doanh nghiệp |
| 650 | # | 4 | |a Kế toán tài chính |
| 650 | # | 4 | |a Quản lý tài chính |